| 000 | 00431nam a22001217a 4500 | ||
|---|---|---|---|
| 999 |
_c9807 _d9807 |
||
| 003 | OSt | ||
| 008 | 201203b ||||| |||| 00| 0 eng d | ||
| 245 | _aJournal of Entrepreneurship and Management | ||
| 250 | _a2017(Feb Vol.6 No.1, Jun Vol.6 No.2, Oct Vol.6 No.3) 2018(Feb Vol.7 No.1, Jun Vol.7 No.2, Oct Vol.7 No.3) | ||
| 260 |
_aNew Delhi _bA Peer Reviewed journal of Publishing India Group |
||
| 650 | _aManagement | ||
| 942 |
_2ddc _cBV |
||